00427nam a22001697a 4500003000400000008004100004020001600045082001600061100001900077245004000096250000800136260002900144300001000173650002700183700002200210700002500232OSt250424b |||||||| |||| 00| 0 eng d a93899108012 a615.321 LOH aLodhi, Santram aText Book of Herbal Drug Technology a4th aDelhibNirali Pub.c2023 a12.14 aHerbal Drug Technology aUsman, Md. Rageeb aDeshmukh & Darvhekar